Geología
Wedi'i Gadw mewn:
| Prif Awduron: | , |
|---|---|
| Fformat: | Llyfr |
| Iaith: | Sbaeneg |
| Cyhoeddwyd: |
Madrid
Paraninfo
2003
Madrid Thomson 2003 |
| Rhifyn: | 9a. ed |
| Pynciau: | |
| Tagiau: |
Ychwanegu Tag
Dim Tagiau, Byddwch y cyntaf i dagio'r cofnod hwn!
|
MARC
| LEADER | 00000nam a2200000 a 4500 | ||
|---|---|---|---|
| 001 | UCJ9434 | ||
| 003 | CL-VaPUC | ||
| 008 | 070316e20030000sp |||||||||||||||||spa|d | ||
| 020 | |a 8428309566 | ||
| 082 | 0 | 4 | |a 551 |b MEL |2 21 |
| 100 | |a Meléndez, Bermudo |e autor |9 519448 | ||
| 700 | 0 | |a Fuster, José María |e author |9 519449 | |
| 245 | 1 | 0 | |a Geología |
| 250 | |a 9a. ed | ||
| 300 | |a 911 p | ||
| 942 | |c BK | ||
| 945 | |d 20070316 00:00:00 |a lvergara | ||
| 260 | |a Madrid |b Paraninfo |c 2003 | ||
| 260 | |a Madrid |b Thomson |c 2003 | ||
| 650 | 0 | |a Ciencias de la tierra |9 261541 | |
| 650 | 7 | |a ESTRATIGRAFIA |2 CL-VaPUC |9 361507 | |
| 650 | 0 | |a Geodinámica |9 396138 | |
| 650 | 7 | |a GEOLOGIA HISTORICA |2 CL-VaPUC |9 519450 | |
| 650 | 7 | |a PROCESOS ENDOGENOS |2 CL-VaPUC |9 438459 | |
| 583 | |a last modification |c 20171204 12:28:54 |k Rodrigo Vera | ||
| 999 | |c 324959 |d 324957 | ||
| 952 | |0 0 |1 0 |4 0 |6 551_000000000000000_MEL_2003_2003 |7 0 |8 A |9 405377 |a BIBING |b BIBING |d 2019-11-22 |i 4322916 |l 2 |m 1 |o 551 MEL 2003 2003 |p 4322916 |r 2025-01-20 |s 2023-10-24 |w 2019-11-22 |y BK |k GEO | ||